| 000 | 00810nam a2200265 a 4500 | ||
|---|---|---|---|
| 001 | BRL_1106 | ||
| 005 | 20190320211034.0 | ||
| 008 | 121113s1986----mx-a######---#000-0#spa-# | ||
| 020 | _a9688220639 | ||
| 041 | _aspa | ||
| 044 | _amx | ||
| 050 | 4 |
_aF1219 _b.G36 1986 |
|
| 100 | 1 |
_aGamio, Manuel _d1883-1960 _925807 |
|
| 245 | 1 | 0 |
_aArqueología e indigenismo _cManuel Gamio ; Eduardo Matos Moctezuma. |
| 260 |
_aMéxico, D.F. _bInstituto Nacional Indigenista _c1986 |
||
| 300 |
_a198 p. _bil. _c21 cm. |
||
| 500 | _aAu1291 | ||
| 504 | _aBibliografía: p. 183 | ||
| 650 | 1 | 4 |
_aIndígenas de México _xAntigüedades _9509 |
| 650 | 1 | 4 |
_aIndígenas de México _xAspectos sociales _925808 |
| 651 | 4 |
_aMéxico _xAntigüedades _92765 |
|
| 700 | 1 |
_aMatos Moctezuma, Eduardo _94820 |
|
| 902 | _aGRL | ||
| 942 |
_2lcc _cB |
||
| 999 |
_c9918 _d9918 |
||